[Event "BRA CEAX op 3rd"]
[Site "Vitoria"]
[Date "2003.08.16"]
[Round "3"]
[White "Tristao, M."]
[Black "Mascarenhas, Jose Ronaldo"]
[Result "0-1"]
[WhiteElo "1800"]
[BlackElo "1815"]
[PlyCount "96"]
[EventDate "2003.08.??"]
[EventType "swiss"]
[EventRounds "6"]
[EventCountry "BRA"]
[SourceTitle "EXT 2006"]
[Source "ChessBase"]
[SourceDate "2005.11.24"]
[SourceVersion "1"]
[SourceVersionDate "2005.11.24"]
[SourceQuality "1"]

1. e4 d5 2. exd5 Qxd5 3. Nc3 Qa5 4. d4 Nf6 5. Nf3 Bg4 6. h3 Bh5 7. Be2 e6 8. 0-0 Be7 9. Ne5 Bxe2 10. Qxe2 0-0 11. Ne4 Nbd7 12. f4 c5 13. d5 exd5 14. Nxd7 Nxd7 15. Ng5 Bd6 16. Qd3 Nf6 17. c4 d4 18. Ne4 Nxe4 19. Qxe4 Qc7 20. f5 Rfe8 21. Qg4 f6 22. h4 Qf7 23. b3 h5 24. Qf3 Re7 25. Bd2 Rae8 26. Rfe1 b6 27. Kf2 a5 28. Qc6 Rxe1 29. Rxe1 Rxe1 30. Bxe1 Qc7 31. Qe8+ Bf8 32. Qe6+ Kh7 33. Bd2 Qe5 34. Kf3 Bd6 35. Qxe5 fxe5 36. Ke4 Kg8 37. g3 Kf7 38. Bg5 Ke8 39. Kd5 Kd7 40. Bd2 e4 41. Kxe4 Bxg3 42. Bg5 Kc6 43. a4 Kd6 44. Bd8 Kc6 45. Bg5 Bc7 46. f6 gxf6 47. Bxf6 Kd7 48. Kf5 Bd8 0-1